000 00747nam a2200205Ia 4500
008 130821s1972 sp ab gr spa
040 _cAngélica Rojas (modificó)
_dAldemar Mondragón (modificó)
_aCO-BoUCM
_bspa
041 _aspa
100 1 _aVicens-Vives, Jaume
_d1910-1960
_929523
245 1 0 _aTratado general de geopolítica el factor geográfico y el proceso histórico
_cJ. Vicens-Vives
250 _a3a ed
260 _aBarcelona (España)
_bVicens-Vives
_c1972
300 _a242 páginas
_bmapas
500 _aIncluye toponímico
650 _aCiencia política
_9340
650 7 _aGeografía humana
_916350
650 7 _aGeopolítica
_9215
942 _cLIBRO
_a6
_e3
_mV632t
_2DEWEY
_h320.12
999 _c11012
_d11012